[Event "SLO-chT2 West"]
[Site "Ljubljana"]
[Date "2013.11.17"]
[Round "9.6"]
[White "Cebron, Asja"]
[Black "Jusufi, Skender"]
[Result "0-1"]
[WhiteElo "1369"]
[BlackElo "1909"]
[PlyCount "106"]
[EventDate "2013.11.08"]
[EventType "team"]
[EventRounds "9"]
[EventCountry "SLO"]
[SourceTitle "EXT 2015"]
[Source "ChessBase"]
[SourceDate "2014.11.20"]
[SourceVersion "1"]
[SourceVersionDate "2014.11.20"]
[SourceQuality "1"]
[WhiteTeam "Hidria Tolmin"]
[BlackTeam "Stari Mayr Kranj"]
[WhiteTeamCountry "SLO"]
[BlackTeamCountry "SLO"]

1. e4 e5 2. Nf3 Nc6 3. d4 d6 4. Bc4 Bg4 5. dxe5 Nxe5 6. Be2 Nf6 7. Nc3 c6 8. 0-0 b5 9. a3 h6 10. Bf4 Bxf3 11. Bxf3 g5 12. Bxe5 dxe5 13. Qxd8+ Rxd8 14. h3 Rd2 15. Rac1 Bc5 16. Be2 b4 17. axb4 Bxb4 18. Bd3 Bxc3 19. bxc3 Nd7 20. Rcd1 Rxd1 21. Rxd1 Ke7 22. Kf1 a5 23. Ra1 Ra8 24. f3 a4 25. Ra3 Nb6 26. Ke1 Kd6 27. Kd1 Kc5 28. Kc1 Rb8 29. Ra2 Ra8 30. Ra3 f6 31. g4 Rh8 32. Kd1 h5 33. Ke2 hxg4 34. hxg4 Ra8 35. Kd1 Nc8 36. Kc1 Nd6 37. Kb2 Rb8+ 38. Kc1 Ra8 39. Kb2 Nb5 40. Bxb5 cxb5 41. Kc1 Kc4 42. Kb1 Rh8 43. Kc1 Rh3 44. Kd2 Rxf3 45. Kc1 Rxc3 46. Rxc3+ Kxc3 47. Kb1 b4 48. Kc1 Kd4 49. Kd2 a3 50. Kc1 Kxe4 51. Kb1 Kd4 52. Ka2 Kc3 53. Kb1 e4 0-1

[Event "SLO-chT2 West"]
[Site "Kranj"]
[Date "2008.10.12"]
[Round "3.1"]
[White "Jusufi, Skender"]
[Black "Kodric, Vladimir"]
[Result "1/2-1/2"]
[WhiteElo "1944"]
[BlackElo "2035"]
[PlyCount "28"]
[EventDate "2008.10.11"]
[EventType "team-swiss"]
[EventRounds "9"]
[EventCountry "SLO"]
[SourceTitle "EXT 2010"]
[Source "ChessBase"]
[SourceDate "2010.11.25"]
[SourceVersion "1"]
[SourceVersionDate "2010.11.25"]
[SourceQuality "1"]
[WhiteTeam "Stari Mayr Sencur"]
[BlackTeam "Loska Dolina "]
[WhiteTeamCountry "SLO"]
[BlackTeamCountry "SLO"]

1. e4 c6 2. d4 d5 3. Nc3 dxe4 4. Nxe4 Bf5 5. Ng3 Bg6 6. Nf3 Nd7 7. Nh4 e6 8. Nxg6 hxg6 9. Ne4 Ngf6 10. Bd3 Nxe4 11. Bxe4 Nf6 12. Bf3 Bd6 13. g3 e5 14. dxe5 Bxe5 1/2-1/2

[Event "SLO-chT2 West"]
[Site "Kranj"]
[Date "2005.10.16"]
[Round "5.1"]
[White "Kodric, Vladimir"]
[Black "Jusufi, Skender"]
[Result "1-0"]
[WhiteElo "2106"]
[BlackElo "1999"]
[PlyCount "119"]
[EventDate "2005.10.14"]
[EventType "team"]
[EventRounds "5"]
[EventCountry "SLO"]
[SourceTitle "EXT 2009"]
[Source "ChessBase"]
[SourceDate "2008.11.26"]
[SourceVersion "1"]
[SourceVersionDate "2008.11.26"]
[SourceQuality "1"]

1. d4 Nf6 2. Bf4 d5 3. e3 Bg4 4. Nf3 Nh5 5. Bg3 Nxg3 6. hxg3 h6 7. Bd3 Nc6 8. Be2 Bf5 9. c3 e6 10. Bd3 Qf6 11. Qc2 Bxd3 12. Qxd3 a6 13. Nbd2 0-0-0 14. 0-0-0 e5 15. dxe5 Nxe5 16. Nxe5 Qxe5 17. Nf3 Qe4 18. Qxe4 dxe4 19. Rxd8+ Kxd8 20. Ng5 Ke8 21. Nxe4 f5 22. Ng5 Bd6 23. Nf3 Kf7 24. Kc2 Re8 25. Rh5 Kg6 26. Rh4 Re4 27. Kd3 Re8 28. Rd4 Kf6 29. a4 g5 30. Kc2 b5 31. axb5 axb5 32. Rd5 b4 33. Nd4 bxc3 34. bxc3 Re5 35. Rxe5 Bxe5 36. Kd3 h5 37. Kc4 h4 38. gxh4 gxh4 39. Nf3 f4 40. Nxh4 fxe3 41. fxe3 Ke6 42. g4 Bg3 43. Nf3 Bf2 44. Kd4 c5+ 45. Ke4 Bg3 46. c4 Bd6 47. Ne1 Kf6 48. Kd5 Bf8 49. Nf3 Be7 50. e4 Bf8 51. Kc6 Ke6 52. g5 Kf7 53. Kd7 Kg6 54. Ke6 Kh5 55. Kf5 Bg7 56. e5 Bf8 57. e6 Be7 58. g6 Kh6 59. Ne5 Kg7 60. Nc6 1-0